000 00933nam a2200217Ia 4500
999 _c43360
_d43360
001 10088
003 GE_BSU
005 20250520150641.0
008 181216s1989||||ge |||||||||||||| ||geo||
040 _cGE_BSU
041 _ageo
080 _a821.353.1–31 რ–26
100 _aრატიანი, ჯემალ
_925083
245 _aმდინარესა და მთებს გაღმა :
_b[რომანი] /
_cჯემალ რატიანი; რედაქტორი გულიკო ხეთაგური; მხატვარი მ. თავაძე.
264 _aთბილისი :
_b მერანი,
_c1989.
300 _a288 გვ.;
_b20 სმ.
653 _aრომანი
700 _aხეთაგური, გულიკო
_eრედაქტორი
_925084
700 _aთავაძე, მ.
_eმხატვარი
_912202
942 _cBK
_2udc